Normal view
MARC view
- جامعة العلوم التطبيقية
Entry Personal Name
001 - CONTROL NUMBER
- control field: 52202
003 - CONTROL NUMBER IDENTIFIER
- control field: JO-AjAnu
005 - DATE AND TIME OF LATEST TRANSACTION
- control field: 20230606082601.0
008 - FIXED-LENGTH DATA ELEMENTS
- fixed length control field: 230606|| aca||aabn | a|a d
040 ## - CATALOGING SOURCE
- Original cataloging agency: JO-AjAnu
- Transcribing agency: JO-AjAnu
100 ## - HEADING--PERSONAL NAME
- Personal name: جامعة العلوم التطبيقية
670 ## - SOURCE DATA FOUND
- Source citation: Work cat.: (JO-AjAnu)26678: جامعة العلوم التطبيقية , author, البحث والتطوير والابتكار العلمي في الوطن العربي في مواجهة التحدي التكنولوجي